Nhận định văn học phương Tây hiện đại T.1

Đã lưu trong:
書目詳細資料
主要作者: Hoàng Nhân
格式: 圖書
出版: Tp.HCM ĐH Sư phạm Tp HCM 1985
主題:
標簽: 添加標簽
沒有標簽, 成為第一個標記此記錄!
Thư viện lưu trữ: Trung tâm Học liệu Lê Vũ Hùng, Trường Đại học Đồng Tháp
LEADER 00759pam a22002178a 4500
001 00019791
005 20171026081022.0
008 110508s1985 ||||||Viesd
041 0 # |a Vie 
082 1 # |a 809  |b NH121Đ 
100 0 # |a Hoàng Nhân 
245 0 0 |a Nhận định văn học phương Tây hiện đại  |c Hoàng Nhân  |n T.1 
260 # # |a Tp.HCM  |b ĐH Sư phạm Tp HCM  |c 1985 
300 # # |c 20 cm.  |a 204 tr. 
650 |a Văn học phương Tây 
653 # # |a Nghiên cứu văn học 
852 # # |b Kho mượn  |j KM.0005758, KM.0012276 
852 # # |b Kho đọc  |j KD.0004849 
852 # # |j KM.0012276  |j KM.0005758  |j KD.0004849 
910 |d 08/05/2011 
980 # # |a Trung tâm Học liệu Lê Vũ Hùng, Trường Đại học Đồng Tháp